000 01977cam a22005054i 4500
003 PE-LiUPU
005 20250731173016.0
008 150623s r 000 0 d
020 _a0195071964
035 _a(Sirsi) i9780195071962
040 _aPE-LiUPU
_bspa
_cPE-LiUPU
_erda
049 _aPRUA
082 0 4 _a221.95
_bG83
_221
100 1 _aGrottanelli, Cristiano,
_eautor.
245 1 0 _aKings and prophets :
_bmonarchic power, inspired leadership, and sacred text in biblical narrative /
_cCristiano Grottanelli.
264 1 _aNew York, NY :
_bOxford University Press,
_c1999.
300 _a210 páginas ;
_c24 centímetros
336 _atext
_2rdacontent
337 _aunmediated
_2rdamedia
338 _avolume
_2rdacarrier
504 _aIncluye bibliografía.
505 0 _aThe King's grace and the helpless woman: Ruth, Charila, Sita. -Religious ideals and the distribution of cereal grains in the Hebrew Bible. -The enemy king is a monster: a biblical equation. -The story of Deborah and Barak: a comparative approach. -Making room for the written law.
526 _aSEG42
526 _aSEG41
526 _aSEG40
526 _aSEG39
526 _aP94
526 _aP87
526 _aP86
526 _aP85
526 _aP77
526 _aP76
526 _aP35
630 _aBiblia.
_pA.T.
_xCrítica, interpretación, etc.
650 0 4 _aIsrael
_xReyes y soberanos
_vAspectos religiosos.
650 0 4 _aProfetas.
650 0 4 _aReligión y Estado
_zIsrael
_xHistoria.
650 0 4 _aReyes y soberanos
_xEnseñanza Bíblica.
942 _2ddc
_cBOOK
949 _a221.95 G83
_wDEWEY
_c1
_i47303
_lCCODEBUL1
_mBUL
_r0
_sY
_tBOOK
_u2015-6-24
_xTEOLOGIA
_PP35
_0COMPRA
_o.STAFF. Colección General
994 _aC0
_bPEPRU
596 _a1
999 _a221.95 G83
_wDEWEY
_c23852
_i47303
_f2021-11-9
_g5
_lCCODEBUL1
_mBUL
_r0
_sY
_tBOOK
_u2015-6-24
_xTEOLOGIA
_PP35
_0COMPRA
_o.STAFF. Colección General
_d23852
980 _81
_gALBERTO SANCHEZ Responsable de Automatización